Statistics for U.S. General Knowledge by Letter - K

Click here to take the quiz!

General Stats

  • This quiz has been taken 65 times
  • The average score is 7 of 12

Answer Stats

HintAnswer% Correct
US state bordering OklahomaKansas
100%
6th Biggest city in WashingtonKent
100%
It's biggest city is LouisvilleKentucky
96%
Biggest city in MissouriKansas City
76%
New York NBA TeamKnicks
69%
Los Angeles NHL TeamKings
60%
Florida City (Hint: Kiss MeKissimmee
56%
3rd biggest city in TennesseeKnoxville
51%
City directly south of Grand RapidsKalamazoo
35%
Central Indiana cityKokomo
15%
City in southern WashingtonKennewick
11%
City where Costco was originatedKirkland
9%

Score Distribution

Percentile by Number Answered

Percent of People with Each Score

Your Score History

You have not taken this quiz